LEADER 01223nam a2200277 a 4500 001 000000120872 003 CaOOAMICUS 005 20100323174045.0 008 100323t2008 it u000 u ita r 020 $a978-88-17-02592-8 040 $aPUL$bita$dReb 100 1 $aDevlin, Keith.$0(OLS)http://pul/name/75666 240 10$aUnfinished game$lItaliano.$0(OLS)http://pul/title/152010 245 13$aLa lettera di Pascal /$cKeith Devlin ; traduzione di Daniele Didero. 260 $aMilano :$bRizzoli,$c©2008. 300 $a228 p. ;$c19 cm. 504 $aInclude riferimenti bibliografici ed indice. 600 14$aPascal, Blaise,$d1623-1662$xLogica e matematica.$0(OLS)http://pul/subject/36654 650 4$aCalcolo delle probabilità.$0(OLS)http://pul/subject/36655 700 1 $aDidero, Daniele,$d1973-$0(OLS)http://pul/name/75667 850 $aPUL 852 $aPUL$W1$xSL Cons. Gen., Altre Classi 3$y75$m519 DEVKE 1$j138586$qDDC 21$B137805$CPULBib$Z2$F137805 $H113158 $82 941 1 $a9 996 $6020$a978-88-17-02592-8$9(OLS)http://pul/number/143672 996 $6245$aLa lettera di Pascal$9(OLS)http://pul/title/152009 996 $6260$aMilano :$bRizzoli$9(OLS)http://pul/publisher/48712 LEADER 01128nam a2200265 a 4500 001 000000167935 003 CaOOAMICUS 005 20180529111349.0 008 180529s2002 it 000 u ita r 020 $a88-8025-316-6* 032 $aLibriCat 040 $aPUL$bita 100 1 $aMartini, Carlo Maria,$ccardinale, arcivescovo di Milano,$d1927-2012.$0(OLS)http://pul/name/6653 245 13$aIl Desiderio di Dio :$bpregare i salmi /$cCarlo Maria Martini ; a cura di Marcello Fidanzio. 260 $aMilano :$bCentro Ambrosiano,$c©2002. 300 $a205 p. ; $c21 cm. 650 4$aPreghiere cristiane.$0(OLS)http://pul/subject/17017 700 1 $aFidanzio, Marcello.$0(OLS)http://pul/name/79113 850 $aPUL 852 $aPUL$W1$xDP1 Fondo Dalla Palma$y117$m3 E 93$j166930$qFondi$B195746$CPULBib$Z2$F195746 $HDal2106 $81 941 1 $a1 996 $6020$a88-8025-316-6*$9(OLS)http://pul/number/164212 996 $6245$aIl Desiderio di Dio :$bpregare i salmi$9(OLS)http://pul/title/208076 996 $6260$aMilano :$bCentro Ambrosiano$9(OLS)http://pul/publisher/64424